| 000 | 00775nam a2200241Ia 4500 | ||
|---|---|---|---|
| 003 | OSt | ||
| 005 | 20221006165641.0 | ||
| 006 | a|||||r|||| 00| 0 | ||
| 007 | ta | ||
| 008 | 221006b |||||||| |||| 00| 0 hin d | ||
| 024 | _a7,381 | ||
| 037 | _cDissertations | ||
| 040 |
_aFML _cFML _bhin |
||
| 041 |
_2hin _ahin |
||
| 100 |
_aPandey Nisha Au. _9680220 |
||
| 110 | _aDelhi University. Faculty of Music and Fine Arts. Department of Music | ||
| 245 | 0 | _aUttar Va Dakshini Bharatiya Shashtriya Sangeet Ki Gan Vidhao Main Naveen Pravritiyo Ka Tulnatmak Aadhyayan | |
| 260 | _c2008 | ||
| 300 |
_a154 _ccm. |
||
| 700 | _aDelhi University. Faculty of Music and Fine Arts. Department of Music | ||
| 942 |
_cDIS _2CC |
||
| 999 |
_c1121598 _d1121598 |
||